000 00783nam a2200193 a 4500
003 0
005 20250210111356.0
008 130129s19uu xx 00 eng d
050 _aPHS TK 9152.P6
_b.S624 2012
100 _aSiwa, Sigmund Royce J.
245 _aBataan nuclear power plant as white elephant in the Marcos administration /
_cSigmund Royce J. Siwa.
260 _aLas PiƱas City, Philippines :
_bSouthville International School and Colleges,
_c2012.
300 _a58 pages :
_billustrations ;
_c28 cm.
504 _aIncludes bibliographical references.
650 _aNuclear power plants
_xPhilippines
_xBataan (Province).
650 _aElectric power production
_zPhilippines
_xEconomic aspects.
650 _aWhite elephants (Economics)
_xPhilippines.
942 _2lcc
_cPASS
999 _c98881
_d98881